02132nam a2200157 a 4500008004100000020001800041041000800059100001700067245005400084250001100138260003200149300001100181500009800192505166900290655001501959171103e2007 ag ||||g |||| 00| 0bspa d a9788467451344 aspa1 aMundo, Jordi aPopper. bVida, obra y pensamiento /cJordi Mundo a1a ed. aBarcelona:bPlaneta;c2007. a384 p. aMundo, J. (2007). Popper. Vida, pensamiento y obra. (1a ed.). España : Planeta de Agostini. aEl pensamiento de Karl R. Popper (1902-1994), fraguado en la culta y convulsa Viena de entreguerras, constituye una referencia obligada para entender la filosofía de la ciencia del siglo XX. La publicación en 1934 de la Lógica de la investigación científica, fruto en gran parte de su posición discrepante con el Círculo de Viena, marcará la orientación de toda su obra epistemológica. En ella presenta ya su famoso criterio de demarcación entre lo que es científico (cuyas tesis son refutables) y lo que no lo es, así como su critica de la inducción y su concepción del método científico. El resto de su obra -señaladamente, Conjeturas y refutaciones (1963) y Conocimiento objetivo (1972)- consistirá fundamentalmente en una revisión y ampliación críticas de sus propias tesis, consecuente con lo que él mismo caracterizó como "racionalismo crítico". Pero acaso Popper haya tenido una mayor repercusión pública por su breve dedicación a asuntos de filosofía política y social, plasmada en La miseria de historicismo (1944-1945) y La sociedad abierta y sus enemigos (1945). Ambos textos fueron escritos durante el exilio en Nueva Zelanda y reflejan su evolución política de joven socialista a maduro enemigo del legado histórico, político y moral de Platón, Hegel y Marx. Su obra política tuvo un notable impacto en el contexto histórico de la guerra fría. En el presente volumen el profesor Jordi Mundó nos presenta de forma clara y profunda la complejidad de su pensamiento. En la sección Escritos se reproducen los nueve primeros capítulos de La sociedad abierta y sus enemigos.  aLiteratura